000 004770000a22001690004500
003 MACL
005 20160108172111.0
008 160108b xxu||||| |||| 00| 0 eng d
040 _aMACL
_cMACL
041 _aEnglish
082 _a910/RHY
100 _aHakluy, Richard
_930092
245 _aThe Principal navigations Voyages Traffiques Discoveries of The English Nation
_bvol 1
260 _bJ M Dent & Sons LTD
_aLondon
650 _aTravel
_930093
942 _cBK
_k910/RHY
_2ddc
999 _c38222
_d38222